| 000 | 01180nac a22003371u 4500 | ||
|---|---|---|---|
| 003 | EG-ScBUE | ||
| 005 | 20220811100959.0 | ||
| 008 | 200219r19901988enk f b 001 0 eng d | ||
| 020 | _a0521327393 | ||
| 020 | _a9780521327398 | ||
| 040 |
_aEG-ScBUE _beng _erda _cEG-ScBUE _dEG-ScBUE |
||
| 082 | 0 | 4 |
_a824.912 _bELL _222 |
| 100 | 1 |
_aEllis, David, _eauthor. |
|
| 245 | 1 | 0 |
_aD.H. Lawrence's non-fiction : _bart, thought, and genre / _cDavid Ellis and Howard Mills, senior lecturers in English, University of Kent at Canterbury. |
| 250 | _aReprinted edition. | ||
| 264 | 1 |
_aCambridge : _bCambridge University Press, _c1990. |
|
| 300 |
_a193 pages ; _c23 cm |
||
| 336 |
_2rdacontent _atext _btxt |
||
| 337 |
_2rdamedia _aunmediated _bn |
||
| 338 |
_2rdacarrier _avolume _bnc |
||
| 500 | _aDistributer: Al-Ahram. | ||
| 504 | _aIncludes bibliographical references and index. | ||
| 600 | 1 | 7 |
_aLawrence, D. H. _d1885-1930 _xProse. _2BUEsh |
| 600 | 1 | 7 |
_aLawrence, D. H. _d1885-1930 _xKnowledge and learning. _2BUEsh |
| 650 | _2BUEsh | ||
| 651 | _2BUEsh | ||
| 653 | _bHHUUEENN | ||
| 655 |
_vReading book _934232 |
||
| 700 | 1 |
_aMills, Howard, _eauthor. |
|
| 942 |
_cBB _2ddc |
||
| 999 |
_c9685 _d9685 |
||